Najbardziej utytułowane polskie kluby piłkarskie - Statystyki

Ogólne statystyki
  • Ten quiz został rozwiązany 1 473 razy
  • Średni wynik to 10 z 15
Statystyki odpowiedzi
Liczba mistrzostw Podpowiedź Nazwa drużyny % Poprawnych
13 Ekstraklasa Legia Warszawa
100%
7 Ekstraklasa Lech Poznań
95%
13 Ekstraklasa Wisła Kraków
91%
14 II Liga Ruch Chorzów
81%
14 Ekstraklasa Górnik Zabrze
80%
4 II Liga Widzew Łódź
76%
5 Ekstraklasa Cracovia
73%
2 Ekstraklasa Śląsk Wrocław
71%
2 I Liga ŁKS Łódź
68%
2 III Liga (Grupa I) Polonia Warszawa
62%
2 Ekstraklasa Zagłębie Lubin
52%
4 Liga ukraińska Pogoń Lwów
47%
2 IV Liga gr. śląska Polonia Bytom
41%
2 I Liga Stal Mielec
33%
2 I Liga Warta Poznań
32%
Nie znaleziono quizów pasujących do podanych kryteriów
Rozkład punktacji
Procent ludzi z każdym wynikiem
Percentyl według liczby udzielonych odpowiedzi
Twoja historia wyników
Nie rozwiązałeś tego quizu